| 000 | 01564nam0a2200349 4500 | ||
|---|---|---|---|
| 001 | RU\NLR\bibl\1720327 | ||
| 005 | 20260405231258.0 | ||
| 010 |
_a978-5-91042-101-5 _9500 |
||
| 021 |
_aRU _b2010-96247 _96491 |
||
| 035 | _a(nilc)RSL-KNO-004860114 | ||
| 035 | _a(NLR Aleph) 001711320 | ||
| 090 |
_a1282027 _c1282027 |
||
| 100 | _a20101206d2010 |||y0rusy50 ca | ||
| 101 | 0 | _arus | |
| 102 | _aRU | ||
| 105 | _aa ||||||||| | ||
| 200 | 1 |
_aСовершенствование арендного землепользования в региональном АПК (на материалах Ставропольского края) _eмонография _fИ. К. Целовальников, А. В. Чечин |
|
| 210 |
_aСтаврополь _cМир Данных _d2010 |
||
| 215 |
_a83 с. _cил., табл. _d20 |
||
| 300 | _aНа обл.: К 80-летию Ставропольского гос. аграрного ун-та | ||
| 320 | _aБиблиогр.: с. 79-83 (50 назв.) | ||
| 606 | 1 |
_aЗемельная аренда _yСтавропольский край _92627905 _3RU\NLR\auth\661564465 |
|
| 686 |
_aУ9(2Р-4Ст)320-511,0 _2rubbk |
||
| 686 | _aУ32(2)-511(2Р-4Ст) | ||
| 700 | 1 |
_4070 _7ca _8rus _aЦеловальников _bИ. К. _gИван Киреевич _988137 _3RU\NLR\auth\77105212 |
|
| 701 | 1 |
_aЧечин _bА. В. _gАлександр Васильевич _4070 |
|
| 801 | 0 |
_aRU _bRuMoRKP _c20101206 _grcr |
|
| 801 | 1 |
_aRU _bRuMoRGB _c20101206 |
|
| 801 | 2 |
_aRU _bNLR _c20110109 _grcr |
|
| 942 | _cBOOK | ||
| 980 | _aNB | ||